00742nam a2200217 a 4500001001000000003000900010005001700019007000300036008004100039040003000080082002900110100003100139245008100170264004000251300002600291336002700317337003300344338002800377650004700405740007200452000048487DO-SdBNP20240502093653.0ta240502s1994 dr r 000 spa d aDO-SdBNPbspacBNPHUdrda a304.85207293 bD473m222 aDespradel, Alberto,eautor 0aLa migración japonesa hacia la República Dominicana /cAlberto Despradel aSanto Domingo :bDe Colores,,c1994 a94 paginas. ;c28 cm. 2rdacontentatextobtxt 2rdamediaasin mediaciónbn 2rdacarrieravolumenbnc 4aDerechozRepública DominicanavÍNDICES0 aLey orgánica de las Fuerzas Armadas de la República Dominicana.